<?xml version="1.0" encoding="UTF-8"?>
<record
    xmlns:xsi="http://www.w3.org/2001/XMLSchema-instance"
    xsi:schemaLocation="http://www.loc.gov/MARC21/slim http://www.loc.gov/standards/marcxml/schema/MARC21slim.xsd"
    xmlns="http://www.loc.gov/MARC21/slim">

  <leader>00202nas a2200097Ia 4500</leader>
  <datafield tag="022" ind1=" " ind2=" ">
    <subfield code="a">0007-1323</subfield>
  </datafield>
  <datafield tag="245" ind1=" " ind2=" ">
    <subfield code="a">BRITISH JOURNAL OF SURGERY</subfield>
  </datafield>
  <datafield tag="260" ind1=" " ind2=" ">
    <subfield code="c">2015</subfield>
    <subfield code="a">UK</subfield>
    <subfield code="b">WILEY</subfield>
  </datafield>
  <datafield tag="310" ind1=" " ind2=" ">
    <subfield code="a">Monthly</subfield>
  </datafield>
  <datafield tag="942" ind1=" " ind2=" ">
    <subfield code="2">ddc</subfield>
    <subfield code="c">LJ</subfield>
  </datafield>
  <datafield tag="952" ind1=" " ind2=" ">
    <subfield code="0">0</subfield>
    <subfield code="1">0</subfield>
    <subfield code="2">ddc</subfield>
    <subfield code="4">0</subfield>
    <subfield code="7">0</subfield>
    <subfield code="a">FM</subfield>
    <subfield code="b">FM</subfield>
    <subfield code="d">2015-05-12</subfield>
    <subfield code="e">INNOVATIVE SUBSCRIPTION SERVICE</subfield>
    <subfield code="g">617.00</subfield>
    <subfield code="h">VOL-102 ISSUE NO-5</subfield>
    <subfield code="i">SGTU</subfield>
    <subfield code="l">0</subfield>
    <subfield code="r">2015-05-12 00:00:00</subfield>
    <subfield code="w">0000-00-00</subfield>
    <subfield code="y">LJ</subfield>
    <subfield code="k">ISS/SGT/15/02</subfield>
  </datafield>
  <datafield tag="952" ind1=" " ind2=" ">
    <subfield code="0">0</subfield>
    <subfield code="1">0</subfield>
    <subfield code="2">ddc</subfield>
    <subfield code="4">0</subfield>
    <subfield code="7">1</subfield>
    <subfield code="a">FM</subfield>
    <subfield code="b">FM</subfield>
    <subfield code="d">2015-05-12</subfield>
    <subfield code="e">INNOVATIVE SUBSCRIPTION SERVICE</subfield>
    <subfield code="g">617.00</subfield>
    <subfield code="h">VOL-102 ISSUE NO-6</subfield>
    <subfield code="i">SGTU</subfield>
    <subfield code="l">0</subfield>
    <subfield code="r">2015-05-12 00:00:00</subfield>
    <subfield code="w">0000-00-00</subfield>
    <subfield code="y">LJ</subfield>
    <subfield code="k">ISS/SGT/15/02</subfield>
  </datafield>
  <datafield tag="999" ind1=" " ind2=" ">
    <subfield code="c">6540</subfield>
    <subfield code="d">6540</subfield>
  </datafield>
</record>
